[Event "Zvenigorodskaya Open A"]
[Site "Zvenigorod RUS"]
[Date "2008.09.25"]
[Round "1"]
[White "Belov,Vl"]
[Black "Romanko,M"]
[Result "1-0"]
[WhiteElo "2561"]
[BlackElo "2374"]

1.e4 c5 2.Nc3 Nc6 3.Nf3 Nf6 4.Bb5 Nd4 5.Bc4 d6 6.h3 e6 7.O-O Be7 8.a4 O-O
9.d3 d5 10.Ba2 Nxf3+ 11.Qxf3 d4 12.Ne2 Qc7 13.g4 e5 14.Ng3 Be6 15.Nf5 Bxa2
16.Rxa2 Ne8 17.Qg3 f6 18.f4 Bd6 19.Nxd6 Qxd6 20.b3 Nc7 21.Bd2 Na6 22.Raa1 Nb4
23.Rac1 a6 24.g5 Rae8 25.f5 fxg5 26.Bxg5 h6 27.Bd2 Kh7 28.Kh2 g6 29.f6 Rxf6
30.Qh4 Rxf1 31.Rxf1 g5 32.Bxg5 Re6 33.Qh5 Rg6 34.Bxh6 Qe6 35.Bf4+ Kg8 36.Bxe5  1-0

[Event "TCh-NED 2008-9"]
[Site "Netherlands NED"]
[Date "2008.09.27"]
[Round "1"]
[White "De Groote,E"]
[Black "Van Oosterom,C"]
[Result "0-1"]
[WhiteElo "2251"]
[BlackElo "2420"]

1.e4 c5 2.Nf3 Nc6 3.Nc3 Nf6 4.d4 cxd4 5.Nxd4 e5 6.Ndb5 d6 7.Nd5 Nxd5 8.exd5 Nb8
9.c4 Be7 10.Bd3 O-O 11.Be3 a6 12.Nc3 f5 13.f3 e4 14.fxe4 f4 15.Bf2 Nd7 16.Rc1 Ne5
17.Be2 Bh4 18.O-O Bxf2+ 19.Rxf2 Bd7 20.Qd4 f3 21.Rcf1 Qf6 22.Qd2 Bg4 23.gxf3 Bh3
24.Rc1 Ng4 25.Rff1 Bxf1 26.Rxf1 Ne5 27.Nd1 Ng6 28.Rf2 Nf4 29.Bf1 Rae8 30.Ne3 g6
31.Kh1 b6 32.b4 Qh4 33.a4 Nh5 34.Bg2 Rxe4 35.Ng4 Rxg4  0-1

[Event "TCh-NED 2008-9"]
[Site "Netherlands NED"]
[Date "2008.09.27"]
[Round "1"]
[White "Spoelman,W"]
[Black "Van Delft,M"]
[Result "1-0"]
[WhiteElo "2448"]
[BlackElo "2399"]

1.e4 c5 2.Nc3 Nc6 3.Nf3 g6 4.d4 cxd4 5.Nxd4 Bg7 6.Be3 d6 7.f3 Nf6 8.Qd2 O-O
9.Bc4 Bd7 10.O-O-O Rb8 11.Kb1 Na5 12.Be2 a6 13.Bh6 b5 14.Bxg7 Kxg7 15.Nd5 Ng8
16.h4 f6 17.h5 g5 18.Nf5+ Bxf5 19.exf5 Nh6 20.f4 Nf7 21.h6+ Kh8 22.g3 Rc8
23.Bh5  1-0

[Event "17th CRO-chT 1a"]
[Site "Sibenik CRO"]
[Date "2008.09.27"]
[Round "1"]
[White "Brkic,A"]
[Black "Kozul,Z"]
[Result "0-1"]
[WhiteElo "2530"]
[BlackElo "2579"]

1.e4 c5 2.Nf3 Nc6 3.Nc3 d6 4.d4 cxd4 5.Nxd4 Nf6 6.f3 Qb6 7.Nb3 e6 8.Qe2 a6
9.Be3 Qc7 10.g4 b5 11.O-O-O Be7 12.Qf2 Nd7 13.f4 Bb7 14.g5 Rc8 15.Kb1 O-O
16.Rg1 Nc5 17.Bd3 b4 18.Ne2 Nxd3 19.cxd3 a5 20.Nbd4 Nxd4 21.Nxd4 Ba6 22.h4 a4
23.h5 a3 24.b3 Qc3 25.Qe2 d5 26.exd5 Bc5 27.Nc6 Rxc6 28.dxc6 Bxe3  0-1

[Event "Tatry Open"]
[Site "Tatranske Zruby SVK"]
[Date "2008.09.27"]
[Round "1"]
[White "Markosian,D"]
[Black "Krutina,M"]
[Result "1/2-1/2"]
[WhiteElo "2501"]
[BlackElo "1999"]

1.e4 c5 2.Nf3 Nc6 3.Nc3 d6 4.d4 cxd4 5.Nxd4 Nf6 6.Bg5 e6 7.Bb5 Bd7 8.Bxc6 bxc6
9.Qf3 e5 10.Nf5 Bxf5 11.Qxf5 Be7 12.O-O-O h6 13.Bh4 Nd7 14.Bxe7 Qxe7 15.Rd2 Rd8
16.Rhd1 Nb6 17.b3 d5 18.Nb1 Qg5 19.Qf3 O-O 20.Qg3 Qe7 21.f4 exf4 22.Qxf4 dxe4
23.Rxd8 Rxd8 24.Rxd8+ Qxd8 25.Qxe4 Qf6 26.c4 Nd7 27.Qf3 Qxf3 28.gxf3 Ne5
29.Nd2 g5 30.Kc2 f5 31.b4 Kf7 32.Kc3 Ke6 33.Kd4 h5 34.a4 h4 35.b5 h3 36.Ke3 g4
37.Kf4 gxf3 38.Nxf3 Nxc4 39.Nd4+ Kd5 40.Nxc6 a5 41.Kxf5 Nb6 42.Nxa5 Nxa4
43.Kg4 Kc5 44.Kxh3 Kxb5 45.Nb3 Kc6 46.Kg4 Kd6 47.Kf5 Ke7 48.Kg6 Kf8 49.h4 Nc3
50.h5 Nd5 51.h6 Ne7+ 52.Kg5 Kg8 53.Nc5 Kh8 54.Ne6 Ng8  1/2-1/2

[Event "Zvenigorodskaya Open A"]
[Site "Zvenigorod RUS"]
[Date "2008.09.27"]
[Round "4"]
[White "Hovhannisyan,R"]
[Black "Kislinsky,A"]
[Result "1/2-1/2"]
[WhiteElo "2379"]
[BlackElo "2501"]

1.e4 c5 2.Nc3 Nc6 3.Nge2 g6 4.d4 cxd4 5.Nxd4 Bg7 6.Be3 Nf6 7.Be2 O-O 8.f4 d6
9.O-O Qb6 10.Qd3 Ng4 11.Bxg4 Bxd4 12.Bxd4 Qxd4+ 13.Qxd4 Nxd4 14.Bd1 Be6 15.Nd5 Bxd5
16.exd5 Rfc8 17.c3 Nf5 18.g4 Ne3 19.Re1 Nxd1 20.Raxd1 Kf8 21.Rd4 b5 22.h4 a5
23.Kf2 Rc5 24.h5 Rac8 25.h6 Rc4 26.Red1 Ke8 27.Ke3 Kd7 28.Rxc4 Rxc4 29.Rd4 Rc5
30.f5 g5 31.Kd3 e5 32.dxe6+ fxe6 33.fxe6+ Kxe6 34.Re4+ Kf6 35.Rd4 d5 36.a4 bxa4
37.Rxa4 Ke5 38.b3 Rb5 39.b4 axb4 40.Rxb4 Ra5 41.Rb7 Ra4 42.Rxh7 Rxg4 43.Rh8 Rg3+
44.Kd2 Kf6 45.Rd8 Kg6 46.Rd6+ Kh7 47.Rxd5 Kxh6 48.c4 Ra3 49.c5 Ra8 50.Ke3 Rf8
51.c6 g4 52.c7 Rc8 53.Rc5 Kg6 54.Ke4 g3 55.Rc6+ Kg5 56.Kf3 Kf5 57.Kxg3 Ke5
58.Kf3  1/2-1/2

[Event "ch-Commonwealth"]
[Site "Nagpur IND"]
[Date "2008.09.28"]
[Round "1"]
[White "Satyapragyan,S"]
[Black "Pratyusha,B"]
[Result "1-0"]
[WhiteElo "2414"]
[BlackElo "1933"]

1.e4 c5 2.Nc3 Nc6 3.Bb5 d6 4.Bxc6+ bxc6 5.d3 g6 6.f4 Bg7 7.Nf3 Nf6 8.O-O O-O
9.Qe1 Bg4 10.Bd2 Nd7 11.Qg3 Bxf3 12.Rxf3 c4 13.Kh1 cxd3 14.cxd3 Rb8 15.b3 Qa5
16.Qe1 Qa6 17.Rh3 Nc5 18.Qh4 h5 19.Rf1 Nxd3 20.Rhf3 Nc5 21.f5 Rbe8 22.Bg5 Qb7
23.Ne2 Nd7 24.Bxe7 Ne5 25.Bxf8 Nxf3 26.gxf3 Rxf8 27.Rg1 Qb5 28.Nf4 Qe5 29.Nxh5 gxh5
30.f6 Kh7 31.Rxg7+ Kh6 32.Kg2 d5 33.Rg3 dxe4 34.Qxe4 Qxf6 35.Qe3+ Kh7 36.Qc5  1-0

[Event "Tatry Open"]
[Site "Tatranske Zruby SVK"]
[Date "2008.09.28"]
[Round "2"]
[White "Klemanic,E"]
[Black "Zacik,A"]
[Result "1/2-1/2"]
[WhiteElo "2230"]
[BlackElo "2048"]

1.e4 c5 2.Nf3 Nc6 3.Nc3 d6 4.d4 cxd4 5.Nxd4 Nf6 6.Be2 e5 7.Nb3 Be7 8.Bg5 Be6
9.Bxf6 Bxf6 10.Nd5 Bg5 11.h4 Bxh4 12.Bg4 Bf6 13.Bxe6 fxe6 14.Nxf6+ gxf6 15.Qh5+ Kd7
16.O-O-O Qe7 17.c4 Kc7 18.Rh3 Rad8 19.Qh6 Rdg8 20.Rhd3 Rd8 21.a3 Rhg8 22.g3 f5
23.exf5 exf5 24.Kb1 Rg6 25.Qh3 f4 26.gxf4 exf4  1/2-1/2

[Event "Tatry Open"]
[Site "Tatranske Zruby SVK"]
[Date "2008.09.28"]
[Round "2"]
[White "Karlik,V"]
[Black "Urbanek,S"]
[Result "1-0"]
[WhiteElo "2301"]
[BlackElo "2078"]

1.e4 c5 2.Nc3 Nc6 3.Bb5 g6 4.Bxc6 dxc6 5.d3 e5 6.Be3 b6 7.Qd2 Bg7 8.h3 Ne7
9.Bh6 O-O 10.Bxg7 Kxg7 11.f4 f5 12.fxe5 fxe4 13.Nxe4 Qd4 14.O-O-O Qxe5 15.Nf3 Qf4
16.Qxf4 Rxf4 17.Rhf1 Ba6 18.Nfg5 Rxf1 19.Rxf1 Nf5 20.g4 Nh6 21.Ne6+  1-0

[Event "Podillya It"]
[Site "Khmelnitsky UKR"]
[Date "2008.09.29"]
[Round "5"]
[White "Simonian,H"]
[Black "Soltanici,R"]
[Result "1/2-1/2"]
[WhiteElo "2452"]
[BlackElo "2421"]

1.e4 c5 2.Nc3 Nc6 3.Bb5 Nd4 4.Bc4 g6 5.Nf3 Bg7 6.Nxd4 cxd4 7.Qf3 Nh6 8.Ne2 O-O
9.d3 Ng4 10.Bb3 d6 11.Qg3 Nf6 12.O-O a5 13.a4 Nd7 14.Qh4 Nc5 15.Bg5 Re8 16.Bd5 Qc7
17.f4 e6 18.Bc4 d5 19.Bb5 Bd7 20.e5  1/2-1/2

[Event "ch-Commonwealth"]
[Site "Nagpur IND"]
[Date "2008.09.29"]
[Round "2"]
[White "Sangma,R"]
[Black "Ganesh,Ba"]
[Result "1-0"]
[WhiteElo "2339"]
[BlackElo "2109"]

1.e4 c5 2.Nf3 Nc6 3.Nc3 e5 4.Bc4 Be7 5.d3 Nf6 6.Ng5 O-O 7.f4 h6 8.Nf3 exf4
9.Bxf4 d6 10.O-O Bg4 11.h3 Bxf3 12.Qxf3 Nd4 13.Qd1 Rb8 14.a4 a6 15.Ne2 Nxe2+
16.Qxe2 b5 17.axb5 axb5 18.Bb3 Qb6 19.Kh1 Rfc8 20.e5 dxe5 21.Bxe5 Rb7 22.Bd5 Rd7
23.Qf3 Bd8 24.c4 bxc4 25.dxc4 Nxd5 26.Qg4 Nf6 27.Bxf6 Bxf6 28.Qxd7 Rd8 29.Qb5 Qc7
30.Rae1 Rd2 31.Qe8+ Kh7 32.Qe4+ Kg8 33.Re2 Rd8 34.Qf5 Rb8 35.Rfe1 Qc6 36.Qd5 Qxd5
37.cxd5 Kh7 38.Rd1 Rd8 39.b3 Kg6 40.Ra2 Rd6 41.Ra8 Kf5 42.Rc8 Bd4 43.b4 Rxd5
44.Rxc5 Rxc5 45.bxc5 Bxc5 46.Rd5+  1-0

[Event "17th CRO-chT 1w"]
[Site "Sibenik CRO"]
[Date "2008.09.29"]
[Round "3"]
[White "Madl,I"]
[Black "Muzychuk,A"]
[Result "0-1"]
[WhiteElo "2387"]
[BlackElo "2504"]

1.e4 c5 2.Nf3 Nc6 3.Nc3 Nf6 4.d4 d5 5.exd5 Nxd5 6.Bc4 Nxc3 7.bxc3 e6 8.O-O Be7
9.Be3 cxd4 10.cxd4 O-O 11.a3 b6 12.Be2 Bb7 13.c4 Rc8 14.Qd3 Na5 15.Nd2 Ba6
16.Rfc1 Qd7 17.Ra2 Rfd8 18.Rac2 Bf6 19.Nf3 h6 20.h3 Qe7 21.Nd2 Nc6 22.Nb3 Nxd4
23.Bxd4 Bxd4 24.Nxd4 Qf6 25.Rd2 e5 26.Qe4 exd4 27.Bd3 g6 28.Re2 Rc7 29.a4 Rdc8
30.Qd5 Kg7 31.Kf1 Rc5 32.Qd7 R8c7  0-1

[Event "Autumn-5"]
[Site "Alushta UKR"]
[Date "2008.09.30"]
[Round "7"]
[White "Shtyrenkov,V"]
[Black "Iljin,T"]
[Result "1/2-1/2"]
[WhiteElo "2348"]
[BlackElo "2408"]

1.e4 c5 2.Nf3 Nc6 3.Nc3 e5 4.Bc4 Be7 5.d3 d6 6.O-O Nf6 7.Nd5 Nxd5 8.Bxd5 O-O
9.c3 Bf6 10.Be3 Be6 11.Bxe6 fxe6 12.d4 exd4 13.cxd4 cxd4 14.Nxd4 Qd7 15.Rc1 Rac8
16.Nxc6 Rxc6 17.Qb3 Rfc8  1/2-1/2

[Event "ch-Commonwealth"]
[Site "Nagpur IND"]
[Date "2008.09.30"]
[Round "3"]
[White "Vishnu,P"]
[Black "Yashas,D"]
[Result "1/2-1/2"]
[WhiteElo "2341"]
[BlackElo "1992"]

1.e4 c5 2.Nf3 Nc6 3.Nc3 e5 4.Bc4 d6 5.d3 Be7 6.O-O Bg4 7.h3 Bh5 8.Nd5 Nf6
9.Ne3 Nd4 10.g4 Bg6 11.Nxd4 cxd4 12.Nd5 Nxd5 13.Bxd5 Qd7 14.Kg2 h5 15.c3 hxg4
16.Qxg4 Qb5 17.Bc4 Qc6 18.Bd5 Qb5 19.Bc4 Qc6 20.a4 Qc7 21.cxd4 Rh4 22.Bb5+ Kf8
23.Qd7 Qxd7 24.Bxd7 exd4 25.Bd2 d5 26.f3 Rd8 27.Bg4 dxe4 28.fxe4 Bh5 29.Be1 Bxg4
30.Bxh4 Be2 31.Bxe7+ Kxe7 32.Rfc1 Bxd3 33.Kf3 Rd7 34.Ra3 Ba6 35.b4 b6 36.Kf4 g6
37.b5 Bb7 38.Rd3 Ke6 39.Rc4 g5+ 40.Kxg5 Ke5 41.Rd2 Bxe4 42.Rc8 f6+ 43.Kh4 Rh7+
44.Kg3 Rxh3+ 45.Kxh3 Bf5+ 46.Kg3 Bxc8 47.Re2+ Kd6 48.Kf4 Be6 49.Ke4 Kc5 50.Rc2+ Bc4
51.Rc1 f5+ 52.Kxf5 d3 53.Ke4 Kb4 54.Ke3 Bb3 55.Kxd3 Bxa4 56.Kd4 Kxb5 57.Rc7 a5
58.Kc3 Bd1 59.Rb7 Bf3  1/2-1/2

[Event "17th CRO-chT 1a"]
[Site "Sibenik CRO"]
[Date "2008.09.30"]
[Round "4"]
[White "Njirjak,J"]
[Black "Makaj,M"]
[Result "1/2-1/2"]
[WhiteElo "2394"]
[BlackElo "2317"]

1.e4 c5 2.Nf3 Nc6 3.Nc3 e5 4.Bc4 Be7 5.d3 d6 6.Nd2 Nf6 7.Nf1 Nd7 8.Ne3 Nb6
9.Bb3 O-O 10.O-O Bg5 11.Ncd5 Nxd5 12.Nxd5 Bxc1 13.Rxc1 Nd4 14.f4 exf4 15.Nxf4 Qg5
16.Bd5 Bg4 17.Qe1 Bf3 18.Kh1 Qxf4 19.gxf3 Rae8 20.Qf2 Re5 21.c3 Ne6 22.Rc2 Rh5
23.Qd2 b6 24.Bxe6 fxe6 25.Qxf4 Rxf4  1/2-1/2

[Event "Zvenigorodskaya Open A"]
[Site "Zvenigorod RUS"]
[Date "2008.09.30"]
[Round "9"]
[White "Amonatov,F"]
[Black "Smirnov,P"]
[Result "1-0"]
[WhiteElo "2650"]
[BlackElo "2592"]

1.e4 c5 2.Nf3 Nc6 3.Nc3 e5 4.Bc4 Be7 5.d3 d6 6.O-O Nf6 7.h3 O-O 8.a3 Be6
9.Bg5 Rb8 10.Bxf6 Bxf6 11.Nd5 b5 12.Ba2 a5 13.c3 Bg5 14.b4 Bh6 15.bxc5 dxc5
16.Qc2 Qd6 17.Rab1 Kh8 18.Rfe1 f5 19.Rbd1 b4 20.axb4 cxb4 21.cxb4 axb4 22.d4 exd4
23.e5 Qd7 24.Nxd4 Nxd4 25.Rxd4 Rfc8 26.Qd3 Qf7 27.Rb1 Ra8 28.Bb3 Ra3 29.Qb5 Qa7
30.Rxb4 Ra1 31.Bc4 Qd4 32.Nb6 Bxc4 33.Nxc4 Ra2 34.Qb6 Qd5 35.Nd6 Rf8 36.Qd4 Qxd4
37.Rxd4 Re2 38.Kf1 Rc2 39.e6 Rc7 40.Nxf5 Bg5 41.Rd7 Rc5 42.e7 Rcxf5 43.exf8=Q+ Rxf8
44.Rdb7 Bf4 45.Ke2 h6 46.g3 Be5 47.f4 Bd6 48.Rd7 Re8+ 49.Kf3 Bf8 50.Rbd1 Kg8
51.Rd8 Re6  1-0

[Event "Podillya It"]
[Site "Khmelnitsky UKR"]
[Date "2008.10.01"]
[Round "8"]
[White "Harutjunyan,G"]
[Black "Firman,N"]
[Result "0-1"]
[WhiteElo "2441"]
[BlackElo "2525"]

1.e4 c5 2.Nc3 Nc6 3.Nf3 e6 4.Bb5 Nge7 5.O-O a6 6.Bxc6 Nxc6 7.d4 cxd4 8.Nxd4 d6
9.Nxc6 bxc6 10.Qg4 h5 11.Qe2 h4 12.Rd1 h3 13.g3 Qc7 14.b3 Be7 15.Na4 Bb7
16.Bb2 f6 17.Rd3 Rd8 18.c4 Kf7 19.Re1 Qa5 20.Qe3 Qh5 21.Bc3 c5 22.Ba5 Rc8
23.f3 Rhe8 24.Nc3 Kg8 25.Ne2 Bf8 26.Qf2 Qh7 27.Red1 f5 28.exf5 Qxf5 29.g4 Qf7
30.Bc3 e5 31.Ng3 d5 32.Re1 Qg6 33.Nf5 d4 34.Bd2 Re6 35.Qf1 Rce8 36.Qxh3 e4
37.Nh4 Qh7 38.fxe4 Bxe4 39.g5 Bd6 40.Rf3 Qh5 41.Bf4 Bf5 42.Nxf5 Rxe1+ 43.Kg2 R8e2+  0-1

[Event "58th TCh m 1st Div"]
[Site "Borovets BUL"]
[Date "2008.10.02"]
[Round "2"]
[White "Marholev,D"]
[Black "Yordanov,N"]
[Result "1-0"]
[WhiteElo "2421"]
[BlackElo "2275"]

1.e4 c5 2.Nc3 Nc6 3.Bb5 Nd4 4.Bc4 e6 5.Nge2 a6 6.Nxd4 cxd4 7.Ne2 b5 8.Bd3 Qb6
9.c3 dxc3 10.dxc3 Bb7 11.Be3 Bc5 12.Bxc5 Qxc5 13.Qd2 Nf6 14.f3 O-O 15.Ng3 Rad8
16.Qf2 Qc7 17.O-O d5 18.exd5 Rxd5 19.Rfd1 Rfd8 20.Bc2 h5 21.Rxd5 Bxd5 22.Nf1 a5
23.a3 a4 24.Rd1 Bb3 25.Bxb3 axb3 26.Rxd8+ Qxd8 27.Qd4 Nd5 28.Nd2 Qg5 29.Nxb3 Nf4
30.Qd2 h4 31.Kf1 e5 32.Nc5 Qe7 33.Ne4 Qc7 34.g3 hxg3 35.hxg3 Ne6 36.Qd5 Qb6
37.Kg2 Qe3 38.Qxb5 f5 39.Qe8+ Nf8 40.Nf2 g5 41.Qc8 f4 42.Qc4+ Kg7 43.Qe4 Qd2
44.Qxe5+ Kh6 45.Qh8+ Nh7 46.c4 Qe2 47.Qd4 Nf8 48.Qh8+ Nh7 49.gxf4 gxf4 50.c5 Qc2
51.c6 Qxc6 52.Ng4+ Kg5 53.Qg7+ Qg6 54.Qe7+ Kh5 55.Qxh7+  1-0

[Event "Podillya It"]
[Site "Khmelnitsky UKR"]
[Date "2008.10.02"]
[Round "9"]
[White "Soltanici,R"]
[Black "Mikhaletz,L"]
[Result "1/2-1/2"]
[WhiteElo "2421"]
[BlackElo "2480"]

1.e4 c5 2.Nf3 Nc6 3.Nc3 g6 4.d4 cxd4 5.Nxd4 Bg7 6.Be3 Nf6 7.Be2 O-O 8.Qd2 d5
9.exd5 Nxd5 10.Nxc6 bxc6 11.Bd4 Bxd4 12.Qxd4 Qa5 13.Qa4 Qb6 14.Nd1 Bf5 15.O-O e5
16.Re1 Rfe8 17.Bf1 Qd4 18.Qxc6 Nb4 19.c3 Nxc6 20.cxd4 exd4 21.Rxe8+ Rxe8
22.f3 Nb4 23.Nf2 Nc2 24.Rd1 g5 25.Bd3 Bxd3 26.Nxd3 Re2 27.Kf1 Rxg2 28.Kxg2 Ne3+
29.Kg3 Nxd1 30.f4 f6 31.fxg5 fxg5 32.Kg4 h6 33.Kf5 Kg7 34.b4 Ne3+ 35.Ke4 g4
36.a4 Kf6 37.b5 Nf5 38.Nf4 d3 39.Nxd3 h5 40.Kf4 Nd4 41.Nf2 Ne6+ 42.Kg3 Nd4
43.Nxg4+ hxg4 44.Kxg4 Kg7 45.Kf4 Ne2+ 46.Ke5 Nc3 47.b6 axb6 48.Kd6 Nxa4 49.Kc6  1/2-1/2

[Event "ch-Commonwealth"]
[Site "Nagpur IND"]
[Date "2008.10.03"]
[Round "8"]
[White "Neelotpal,D"]
[Black "Rahman,Tai"]
[Result "1-0"]
[WhiteElo "2462"]
[BlackElo "2307"]

1.e4 c5 2.Nc3 Nc6 3.Bb5 Nf6 4.Nf3 Nd4 5.e5 Nxb5 6.Nxb5 Nd5 7.Ng5 f5 8.c4 Nc7
9.Nc3 e6 10.d3 Be7 11.h4 b6 12.Qh5+ g6 13.Qf3 Rb8 14.Qg3 h6 15.Nge4 Kf7 16.Nd6+ Bxd6
17.exd6 Ne8 18.Bf4 Nf6 19.Be5 Qf8 20.f3 Bb7 21.Qf4 Rg8 22.O-O-O Nh5 23.Qe3 Ke8
24.g4 f4 25.Qf2 Ng3 26.Rhe1 g5 27.d4 cxd4 28.Rxd4 Kd8 29.Nb5 Rc8 30.Nxa7 Rc5
31.h5 Rxe5 32.Rxe5 Qf6 33.Re1 Ke8 34.Rd3 Nxh5 35.gxh5 Qf5 36.Rb3 g4 37.Qxb6 Bxf3
38.Nb5 Bg2 39.Nd4 Qf6 40.Nxe6 dxe6 41.Qc7  1-0

[Event "1st WMSG Blitz Ind"]
[Site "Beijing CHN"]
[Date "2008.10.04"]
[Round "2"]
[White "Paragua,M"]
[Black "Ghaem Maghami,E"]
[Result "1-0"]
[WhiteElo "2526"]
[BlackElo "2599"]

1.e4 c5 2.Nc3 Nc6 3.Bb5 d6 4.Bxc6+ bxc6 5.f4 g6 6.Nf3 Bg7 7.O-O Nh6 8.d3 O-O
9.Kh1 Rb8 10.Qe1 f5 11.e5 Qc7 12.Qh4 Nf7 13.Re1 Ba6 14.Qf2 Nd8 15.b3 Ne6
16.Bd2 Rbd8 17.exd6 Qxd6 18.Ne5 g5 19.Na4 Bb5 20.Nb2 gxf4 21.Bxf4 Qd4 22.Qxd4 Rxd4
23.Bd2 Rd5 24.Bc3 Nd4 25.Bxd4 cxd4 26.Nec4 e5 27.Re2 Re8 28.Rae1 c5 29.a4 Ba6
30.Na5 e4 31.dxe4 fxe4 32.Rxe4 Rxe4 33.Rxe4 Rf5 34.h3 Be5 35.g4 Bb7 36.Nxb7 Rf2
37.Rxe5 Rxc2 38.Nc4 d3 39.Nxc5 d2 40.Nxd2 Rxd2 41.Re7 Rc2 42.b4 Rc3 43.Rxa7 Rc1+
44.Kg2 Rc3 45.a5 Rc2+ 46.Kf3 Rc3+ 47.Ke4 Rc4+ 48.Kd5 Rxb4 49.a6 Rb6 50.Rb7 Rg6
51.a7 Rg5+ 52.Kc4 Rg6 53.a8=Q+  1-0

[Event "1st WMSG Blitz Ind"]
[Site "Beijing CHN"]
[Date "2008.10.04"]
[Round "6"]
[White "Friedel,J"]
[Black "Reinderman,D"]
[Result "0-1"]
[WhiteElo "2498"]
[BlackElo "2543"]

1.e4 c5 2.Nf3 Nc6 3.Nc3 g6 4.d4 cxd4 5.Nxd4 Bg7 6.Be3 Nf6 7.Bc4 O-O 8.Bb3 d6
9.f3 Bd7 10.h4 Qa5 11.Qd2 Ne5 12.O-O-O Rfc8 13.Kb1 b5 14.Ncxb5 Qxd2 15.Rxd2 Nc4
16.Bxc4 Rxc4 17.b3 Rcc8 18.c4 h5 19.Rc1 Be8 20.Nc3 Kf8 21.Rdc2 Nd7 22.Nde2 Nc5
23.Bd4 Bh6 24.Rd1 a5 25.Nd5 Rab8 26.Nec3 a4 27.b4 Nb3 28.axb3 axb3 29.Ka1 e6
30.Rb2 exd5 31.Nxd5 Rxc4 32.Rxb3 Ba4 33.Kb2 Rxd4 34.Rxd4 Bg7 35.Ka3 Bxb3
36.Rd3 Bxd5 37.Rxd5 Be5 38.Kb3 Ke7 39.Ra5 Rb7 40.Kc4 Kd7 41.Ra6 Rc7+ 42.Kb3 Rc3+
43.Ka4 Rc2 44.Ra7+ Ke6  0-1

[Event "1st WMSG Blitz Ind"]
[Site "Beijing CHN"]
[Date "2008.10.04"]
[Round "8"]
[White "Friedel,J"]
[Black "Markos,J"]
[Result "0-1"]
[WhiteElo "2498"]
[BlackElo "2557"]

1.e4 c5 2.Nf3 Nc6 3.Nc3 Nf6 4.Bb5 g6 5.O-O Bg7 6.Re1 O-O 7.h3 Nd4 8.Bc4 d6
9.a4 Be6 10.d3 Nd7 11.Nd5 Ne5 12.Nxe5 dxe5 13.c3 Nc6 14.Be3 b6 15.b4 cxb4
16.cxb4 Nd4 17.Bxd4 exd4 18.a5 b5 19.Bxb5 Bxd5 20.exd5 Qxd5 21.Bc4 Qd6 22.Qb3 Bh6
23.Re2 a6 24.Rae1 Bg5 25.b5 axb5 26.Qxb5 Bf6 27.a6 Rfb8 28.Qa4 Rb4 29.Qa2 Rxc4
30.Qxc4 Rxa6 31.Rc2 Kg7 32.Rb1 Ra3 33.g3 Qe5 34.Kg2 Qf5 35.Rb3 Ra1 36.Rc1 Ra2
37.Rc2 Ra1 38.Rb5 Qd7 39.Qd5 Qa7 40.Qb7 Qa4 41.Rbc5 Ra3 42.Qe4 Qb3 43.R5c4 Qxd3
44.Qxd3 Rxd3 45.Kf1 Ra3 46.Rd2 e5 47.f4 Rxg3 48.fxe5 Bxe5 49.Rc5 Bf4 50.Rxd4 Be3
51.Rdc4  0-1

[Event "1st WMSG Blitz Ind"]
[Site "Beijing CHN"]
[Date "2008.10.04"]
[Round "9"]
[White "Livshits,G"]
[Black "Reinderman,D"]
[Result "0-1"]
[WhiteElo "2427"]
[BlackElo "2543"]

1.e4 c5 2.Nc3 Nc6 3.Nf3 g6 4.d4 cxd4 5.Nxd4 Bg7 6.Be3 Nf6 7.Bc4 O-O 8.Bb3 d6
9.h3 Bd7 10.O-O Rc8 11.f4 Qa5 12.Qd3 Nxd4 13.Bxd4 e5 14.Be3 Bc6 15.fxe5 dxe5
16.Bg5 Nd7 17.Be7 Nc5 18.Qe3 Nxb3 19.axb3 Qc7 20.Bxf8 Bxf8 21.Kh1 b6 22.Rad1 Bc5
23.Qd3 Bd4 24.Ne2 Bxb2 25.c3 a5 26.Qd6 Bxe4 27.Qf6 Ba3 28.c4 Bf8 29.Nc3 Bg7
30.Qd6 Bc2 31.Qxc7 Rxc7 32.Rd8+ Bf8 33.Nb5 Re7 34.Rf3 e4 35.Re3 f5 36.Nd4 Bd3
37.Nc6 Re6 38.Rc8 Kg7 39.g3 Bc5 40.Re1 e3 41.Kg2 Be4+ 42.Kf1 Rxc6  0-1

[Event "1st WMSG Blitz Ind KO"]
[Site "Beijing CHN"]
[Date "2008.10.05"]
[Round "2.3"]
[White "Paragua,M"]
[Black "Banikas,H"]
[Result "0-1"]
[WhiteElo "2526"]
[BlackElo "2572"]

1.e4 c5 2.Nc3 Nc6 3.Bb5 Nf6 4.Nf3 Qc7 5.O-O Nd4 6.Nxd4 cxd4 7.Nd5 Nxd5 8.exd5 Qc5
9.Qe2 Qxd5 10.Bc4 Qc5 11.c3 e6 12.b4 Qb6 13.cxd4 Be7 14.Rb1 d5 15.Bb5+ Bd7
16.Bxd7+ Kxd7 17.a4 Rac8 18.Bb2 Rc4 19.Bc3 Bf6 20.a5 Qb5 21.f4 g6 22.Kh1 a6
23.Qe3 h5 24.Rbe1 Kc8 25.Qd3 Kb8 26.Qe3 Ka8 27.g3 Rhc8 28.h3 Be7 29.Rb1 Bf6
30.g4 hxg4 31.hxg4 R4c6 32.Kg2 Rh8 33.Rh1 Rcc8 34.Rxh8 Rxh8 35.Qf3 Qc4 36.Qe3 Be7
37.f5 gxf5 38.gxf5 Rg8+ 39.Kf3 Bd6 40.Rg1 Rxg1 41.Qxg1 Qd3+ 42.Qe3 Qxf5+
43.Ke2 Qg4+ 44.Kd3 Kb8 45.Qf2 Qg6+ 46.Ke2 Kc7 47.d3 Kd7 48.Bd2 Ke7 49.Qh4+ f6
50.Qh8 Kd7 51.Qa8 Kc7 52.b5 Qh5+ 53.Ke3 Qg5+ 54.Ke2 Qg4+ 55.Kf1 Qf3+ 56.Kg1 Qd1+  0-1

[Event "Chigorin Memorial"]
[Site "St Petersburg RUS"]
[Date "2008.10.05"]
[Round "2"]
[White "Bodnaruk,A"]
[Black "Sokolova,V"]
[Result "0-1"]
[WhiteElo "2381"]
[BlackElo "2105"]

1.e4 c5 2.Nc3 Nc6 3.Nge2 e6 4.g3 Nf6 5.Bg2 d5 6.exd5 exd5 7.d4 Bf5 8.Bg5 cxd4
9.Bxf6 Qxf6 10.Nxd5 Qd6 11.Nxd4 Qe5+ 12.Qe2 Qxe2+ 13.Nxe2 O-O-O 14.O-O-O Bc5
15.Nec3 Rhe8 16.a3 a6 17.f4 Re6 18.Rd2 Rde8 19.b4 Ba7 20.Kb2 g6 21.Ra1 Nd4
22.Rad1 Ne2 23.Nxe2 Rxe2 24.Bf3 Rxd2 25.Rxd2 h5 26.c4 Re1 27.Bd1 Bg1 28.Ba4 Kb8
29.c5 Rb1+ 30.Kc3 Rc1+ 31.Kb2 Rb1+ 32.Ka2 Re1 33.Nb6 Kc7 34.Bb3 f6 35.Nd5+ Kb8
36.Nxf6 Be3 37.Rd8+ Kc7 38.Rd6 Re2+ 39.Ka1 Bc1 40.Nd5+ Kb8 41.Bc4 Rxh2 42.b5 axb5
43.Bxb5 Bb2+ 44.Ka2 Be5+ 45.Kb3 Bxd6 46.cxd6 Be6 47.Bc4 b5  0-1

[Event "Chigorin Memorial"]
[Site "St Petersburg RUS"]
[Date "2008.10.05"]
[Round "3"]
[White "Balakirev,I"]
[Black "Gladyszev,O"]
[Result "1-0"]
[WhiteElo "2243"]
[BlackElo "2448"]

1.e4 c5 2.Nf3 Nc6 3.Nc3 Nf6 4.Bb5 g6 5.Bxc6 dxc6 6.d3 Bg7 7.O-O O-O 8.h3 Nd7
9.a4 e5 10.Nd2 f5 11.exf5 gxf5 12.Nc4 Nb6 13.Nxb6 axb6 14.f4 Qh4 15.Qf3 Bd7
16.fxe5 Bxe5 17.Bf4 Bxf4 18.Qxf4 Qxf4 19.Rxf4 b5 20.Rff1 Kg7 21.axb5 cxb5
22.Nd5 Rxa1 23.Rxa1 f4 24.Ra7 Bc6 25.Ne7 Rf7 26.Nxc6 bxc6 27.Ra6 Rf6 28.Ra7+ Rf7
29.Ra8 Kg6 30.Kf2 Kf5 31.Re8 Rf6 32.Kf3 c4 33.dxc4 bxc4 34.Rc8 Rg6 35.Rf8+ Ke5
36.Rxf4 Rxg2 37.Rxc4 Rg6 38.Rh4 h6 39.c3 Kd5 40.b3 c5  1-0

[Event "1st WMSG Rapid Ind"]
[Site "Beijing CHN"]
[Date "2008.10.06"]
[Round "6"]
[White "Ni Hua"]
[Black "Reinderman,D"]
[Result "1-0"]
[WhiteElo "2710"]
[BlackElo "2543"]

1.e4 c5 2.Nf3 Nc6 3.Nc3 Nf6 4.Bb5 g6 5.e5 Ng4 6.Bxc6 dxc6 7.d3 Bg7 8.Bf4 O-O
9.h3 Nh6 10.g4 f5 11.g5 Nf7 12.Qe2 Be6 13.h4 Qa5 14.h5 Bd5 15.O-O-O Nd8 16.hxg6 hxg6
17.Nh4 Bxh1 18.Rxh1 Ne6 19.Nxg6 Nxf4 20.Nxf4 Qb4 21.Rh4 e6 22.Qh5 Qd4 23.Qh7+ Kf7
24.Qg6+ Kg8 25.Qxe6+ Rf7 26.g6  1-0

[Event "ch-Commonwealth"]
[Site "Nagpur IND"]
[Date "2008.10.06"]
[Round "11"]
[White "Prathamesh,S"]
[Black "Ganesh,Ba"]
[Result "1-0"]
[WhiteElo "2358"]
[BlackElo "2109"]

1.e4 c5 2.Nf3 Nc6 3.Nc3 e5 4.Bc4 Be7 5.d3 d6 6.O-O Nf6 7.Ng5 O-O 8.f4 h6
9.Nf3 Bg4 10.h3 Bxf3 11.Rxf3 Nd4 12.Rf2 Rb8 13.a4 a6 14.fxe5 dxe5 15.a5 Qd6
16.Be3 Rbd8 17.Nd5 Nxd5 18.Bxd5 Bh4 19.Rf1 Rd7 20.c3 Ne6 21.Qg4 Bg5 22.Bxg5 Nxg5
23.Ra3 Kh8 24.Rb3 Qe7 25.Rb6 Nh7 26.Rf5 Rc7 27.Qg3 f6 28.h4 Rfc8 29.Kh2 Rd8
30.Rh5 Qe8 31.Rf5 Qe7 32.Re6 Qd7 33.b3 Re8 34.Rb6 Qe7 35.Rh5 Rd8 36.Re6 Qf8
37.Qg6 Qf7 38.Qxf7 Rxf7 39.Rb6 Rc7 40.Bxb7 g6 41.Rxh6 Kg7 42.Rxh7+ Kxh7 43.Bxa6 Kg7
44.Bb7  1-0

[Event "1st WMSG Rapid Ind w"]
[Site "Beijing CHN"]
[Date "2008.10.07"]
[Round "8"]
[White "Pourkashiyan,A"]
[Black "Peng Zhaoqin"]
[Result "0-1"]
[WhiteElo "2241"]
[BlackElo "2455"]

1.e4 c5 2.Nf3 Nc6 3.Nc3 e5 4.Bc4 Be7 5.d3 Nf6 6.Ng5 O-O 7.f4 h6 8.Nf3 exf4
9.Bxf4 d6 10.Qd2 Kh7 11.O-O-O Nh5 12.Be3 f5 13.exf5 Bxf5 14.Rhg1 Nf6 15.d4 d5
16.Bd3 Ne4 17.Qe1 Nxc3 18.Qxc3 c4 19.Bxf5+ Rxf5 20.Qd2 Bb4 21.c3 Bd6 22.Bxh6 Kg8
23.Bg5 Qf8 24.Kb1 b5 25.Be3 b4 26.Nh4 Rf6 27.g4 bxc3 28.Qxc3 Qe8 29.Nf5 Bb4
30.Qc1 Rb8 31.Ka1 Bf8 32.Bf4 Rb7 33.Rde1 Qd7 34.h4 Nb4 35.Rg3 Qa4 36.a3 Nc2+
37.Ka2 Bxa3 38.bxa3 Nxe1 39.Re3 Nd3 40.Qc3 Rb3 41.Ne7+ Kf7  0-1

[Event "Chigorin Memorial"]
[Site "St Petersburg RUS"]
[Date "2008.10.07"]
[Round "5"]
[White "Demchenko,A"]
[Black "Brodsky,M"]
[Result "1/2-1/2"]
[WhiteElo "2510"]
[BlackElo "2550"]

1.e4 c5 2.Nf3 Nc6 3.Nc3 d6 4.d4 cxd4 5.Nxd4 e5 6.Nf3 Be7 7.Bc4 Nf6 8.O-O O-O
9.Bg5 Ne8 10.Bxe7 Qxe7 11.Nd5 Qd8 12.c3 Be6 13.Qd3 Na5 14.Nd2 Rc8 15.Bb3 a6
16.Rfd1 Bg4 17.f3 Bd7 18.Qe3 Be6 19.Qb6 Nxb3 20.Nxb3 Qxb6+ 21.Nxb6 Rc6 22.Nd5 Bxd5
23.Rxd5 b6 24.Rad1 f6 25.Na1 Rf7 26.Nc2 a5 27.Ne3 Rd7 28.h4 g6 29.h5 Kf7
30.hxg6+ hxg6 31.Kf2 Nc7 32.R5d2 Rd8 33.Rh1 Kg7 34.g3 Rh8 35.Rxh8 Kxh8 36.f4 exf4
37.gxf4 Kg7 38.Kf3 b5 39.a3 Kf7 40.Rh2 Kg7 41.Rd2 Kf7 42.Rd1 Rb6 43.Rh1 Kg7
44.f5 g5 45.Ng4 Rc6 46.Rh6 Ne8 47.Rg6+ Kf7 48.e5 Rc4 49.e6+ Ke7 50.Ne3 Rc5
51.Rh6 Re5 52.Rh7+ Kf8 53.Rf7+ Kg8 54.a4 bxa4 55.c4 Ng7 56.Rxf6 g4+ 57.Ke2 g3
58.Kf3 g2 59.Nxg2 Nxf5 60.Nf4  1/2-1/2